Statistics for Medical Acronyms

Click here to take the quiz!

General Stats

  • This quiz has been taken 46,383 times
  • The average score is 15 of 20

Answer Stats

Acronym Meaning % Correct
ER{Emergency} Room
98%
BMI{Body} {Mass} Index
92%
STD{Sexually} {Transmitted} Disease
90%
PTSD{Post}-{Traumatic} Stress Disorder
90%
IBSIrritable {Bowel} Syndrome
88%
OR{Operating} Room
88%
GP{General} Practitioner
87%
MS{Multiple} Sclerosis
87%
ICU{Intensive} {Care} Unit
85%
ADD{Attention} {Deficit} Disorder
78%
GI{Gastro}intestinal
75%
MRI{Magnetic} Resonance Imaging
72%
HIV{Human} Immunodeficiency Virus
70%
CDCCenters for {Disease} {Control}
69%
MMRMeasles, Mumps and {Rubella}
67%
DNRDo Not {Resuscitate}
65%
ACLAnterior Cruciate {Ligament}
65%
VD{Venereal} Disease
61%
EKGElectro{cardiogram}
57%
SAD{Seasonal} Affective Disorder
50%

Score Distribution

Percentile by Number Answered

Percent of People with Each Score

Your Score History

You have not taken this quiz